Principios de neurociencia (Record no. 49392)
[ view plain ]
| 000 -LEADER | |
|---|---|
| fixed length control field | 01289nam a22003017a 4500 |
| 005 - DATE AND TIME OF LATEST TRANSACTION | |
| control field | 20240626141530.0 |
| 008 - FIXED-LENGTH DATA ELEMENTS--GENERAL INFORMATION | |
| fixed length control field | 231011b sp |||||||| |||| 00| 0 spa d |
| 020 ## - INTERNATIONAL STANDARD BOOK NUMBER | |
| International Standard Book Number | 9788491133421 |
| 050 04 - LIBRARY OF CONGRESS CALL NUMBER | |
| Classification number | QP355.2 |
| Item number | H35 2019 |
| 100 1# - MAIN ENTRY--PERSONAL NAME | |
| Personal name | Haines, Duane E. |
| 240 10 - UNIFORM TITLE | |
| Uniform title | Fundamental neuroscience for basic and clinical applications |
| Language of a work | Español. |
| 245 10 - TITLE STATEMENT | |
| Title | Principios de neurociencia |
| Remainder of title | : aplicaciones básicas y clínicas |
| Statement of responsibility, etc | / Duane E. Haines, Gregory A. Mihailoff ; ilustraciones W. K. Cunningham, M. P. Schenk ; revisión científica Alberto Prats Galino, Juan Antonio Juanes Méndez ; colaboradores Norman F. Capra,...[et al.]. |
| 250 ## - EDITION STATEMENT | |
| Edition statement | 5a ed. |
| 260 ## - PUBLICATION, DISTRIBUTION, ETC. (IMPRINT) | |
| Place of publication, distribution, etc | Barcelona, España : |
| Name of publisher, distributor, etc | Elsevier España, |
| Date of publication, distribution, etc | 2019. |
| 300 ## - PHYSICAL DESCRIPTION | |
| Extent | xi, 516 p. : |
| Other physical details | il. ; |
| Dimensions | 31 cm. |
| 504 ## - BIBLIOGRAPHY, ETC. NOTE | |
| Bibliography, etc | Incluye bibliografía e índice |
| 650 #7 - SUBJECT ADDED ENTRY--TOPICAL TERM | |
| Source of heading or term | lemb |
| Topical term or geographic name as entry element | Neurofisiología |
| 650 #7 - SUBJECT ADDED ENTRY--TOPICAL TERM | |
| Source of heading or term | lemb |
| Topical term or geographic name as entry element | Sistema Nervioso Central |
| General subdivision | Fisiología |
| 700 1# - ADDED ENTRY--PERSONAL NAME | |
| Personal name | Mihailoff, Gregory A., |
| Relator term | autor |
| 700 1# - ADDED ENTRY--PERSONAL NAME | |
| Personal name | Cunningham, W. K., |
| Relator term | ilustrador |
| 700 1# - ADDED ENTRY--PERSONAL NAME | |
| Personal name | Schenk, M. P., |
| Relator term | ilustrador |
| 700 1# - ADDED ENTRY--PERSONAL NAME | |
| Personal name | Prats Galino, Alberto, |
| Relator term | revisor |
| 700 1# - ADDED ENTRY--PERSONAL NAME | |
| Personal name | Juanes Méndez, Juan Antonio, |
| Relator term | revisor |
| 700 1# - ADDED ENTRY--PERSONAL NAME | |
| Personal name | Capra, Norman F., |
| Relator term | colaborador |
| 700 1# - ADDED ENTRY--PERSONAL NAME | |
| Personal name | Chen, Jian, |
| Relator term | colaborador |
| 700 1# - ADDED ENTRY--PERSONAL NAME | |
| Personal name | Corbett, James J., |
| Relator term | colaborador |
| 942 ## - ADDED ENTRY ELEMENTS (KOHA) | |
| Source of classification or shelving scheme | Biblioteca del Cogreso de los Estados Unidos |
| Koha item type | Libro |
| Estado de pérdida | Fuente de clasificación | Estado del daño | No para préstamo | Ubicación permanente | Ubicación actual | Apartado o colección | Fecha de adquisición | Fuente de adquisición | Edición | Área del conocimiento | Total Checkouts | Clasificación | Código de Barras | Date last seen | Número de copia | Costo por reposición | Tipo de recurso |
|---|---|---|---|---|---|---|---|---|---|---|---|---|---|---|---|---|---|
| Biblioteca del Cogreso de los Estados Unidos | Biblioteca de la Facultad de Psicología | Biblioteca de la Facultad de Psicología | General | 26/06/2024 | Dirección General de Bibliotecas Generado | 5a ed. | Ciencias de la Salud | QP355.2 H35 2019 | BFP000013206 | 26/06/2024 | 1 | 1939.00 | Libro |